El horror de Dunwich.
שמור ב:
| מחבר ראשי: | |
|---|---|
| מחברים אחרים: | , |
| פורמט: | ספר |
| יצא לאור: |
Buenos Aires, Argentina:
Libros del Zorro Rojo,
2012.
|
| מהדורה: | Primera edición. |
| נושאים: | |
| תגים: |
הוספת תג
אין תגיות, היה/י הראשונ/ה לתייג את הרשומה!
|
MARC
| LEADER | 00000nam a22000007a 4500 | ||
|---|---|---|---|
| 003 | CL-VaPUC | ||
| 005 | 20250321101917.0 | ||
| 008 | 250113t2012 ||||| |||| 00| 0 eng d | ||
| 999 | |c 446468 |d 446466 | ||
| 020 | |a 978-84-940336-3-6 | ||
| 040 | |c Pontificia Universidad Católica de Valparaíso | ||
| 082 | |a 813 LOV 2012 | ||
| 100 | |9 451640 |a Lovecraft, Howard Phillips |e autor | ||
| 245 | |a El horror de Dunwich. | ||
| 250 | |a Primera edición. | ||
| 260 | |a Buenos Aires, Argentina: |b Libros del Zorro Rojo, |c 2012. | ||
| 300 | |a 86 páginas; |b ilustraciones. | ||
| 500 | |a c.1 Instituto Arcos.08-01-2025. | ||
| 583 | |c 20250113 |k Gabriela Rodríguez Cuevas | ||
| 650 | 0 | |9 317168 |a Literatura estadounidense |x Novela de terror | |
| 700 | |9 895303 |a Caruso, Santiago |e ilustraciones | ||
| 700 | |9 895304 |a Gandolfo, Elvio E. |e traductor | ||
| 942 | |2 ddc |c BK |n 0 | ||
| 952 | |0 0 |1 0 |2 ddc |4 0 |6 813_000000000000000_LOV_2012 |7 0 |9 599205 |a BIBINC |b BIBINC |c GEN |d 2025-01-13 |e Instituto Arcos |i 5664098 |l 1 |o 813 LOV 2012 |p 5664098 |r 2025-04-21 |s 2025-04-14 |t 2 |w 2025-01-13 |y BK |k IFP | ||
| 952 | |0 0 |1 0 |2 ddc |4 0 |6 813_000000000000000_LOV_2012 |7 0 |9 599255 |a BIBINC |b BIBINC |c GEN |d 2025-01-14 |e Instituto Arcos |i 5664072 |l 2 |o 813 LOV 2012 |p 5664072 |r 2025-05-02 |s 2025-04-25 |t 1 |w 2025-01-14 |y BK |k IFP | ||